Gran atlas del mundo : (Registro nro. 233)
[ vista simple ]
| 000 -Cabecera | |
|---|---|
| Campo de control interno | 00544nam a2200205Ia 4500 |
| 005 - Fecha y hora del registro | |
| control field | 20251203123020.0 |
| 008 - Elementos de Longitud Fija | |
| fixed length control field | 251203t1996||||xx |||||||||||||| ||spa|| |
| 041 ## - Idioma | |
| Codigo Idioma | ESP |
| 082 ## - DEWEY y NOTACIÓN INTERNA | |
| Dewey | RT 912 |
| Notación Interna | C76 |
| 110 ## - AUTOR INSTTITUCIONAL | |
| Autor Institucional | Empresa Editora El Comercio |
| 245 #0 - TÍTULO DE MATERIAL BIBLIOGRÁFICO | |
| Título | Gran atlas del mundo : |
| Título paralelo | The Times |
| 260 ## - CIUDAD, EDITORIAL, AÑO | |
| Ciudad | Lima : |
| Nombre de la Editorial | El Comercio, |
| Año | 1996 |
| 300 ## - DESCRIPCIÓN | |
| N° Páginas | 303 páginas : |
| Otros detalles | ilustraciones, mapas ; |
| Dimensiones | 37 cm. |
| Material Adicional | |
| 440 ## - MENCIÓN DE SERIE | |
| Título de la Serie | |
| Número de Serie | |
| Volumen de Serie | |
| 650 ## - TEMAS | |
| Temas | Geografía |
| 653 ## - DESCRIPTORES | |
| Lenguajes no controlado | Geografía histórica; Atlas |
| 654 ## - PROGRAMAS | |
| Programa | Todos los programas |
| 942 ## - ELEMENTOS DE KOHA | |
| Tipo de documento | Libro |
| Nombre del creador | Justo Noguera |
| Código de catalogador | Tania Ramirez |
| Esquema de clasificación | Dewey Decimal Classification |
| Suppress in OPAC | |
| Codigo completo | Registro | Colección | Copia número | Disponibilidad | Tipo de préstamo | Biblioteca Actual | Procedencia (Biblioteca) | Ubicacón | Fecha Ingreso | Tipo de Adquisición | Date last seen | Total checkouts | Price effective from | Tipo de Item | Estado del Material | Fuente de Clasificación | Damaged status | Withdrawn status |
|---|---|---|---|---|---|---|---|---|---|---|---|---|---|---|---|---|---|---|
| RT 912 C76 | 1085106 | Colección Vera Bejar | 1 | Restringido | Víctor Andrés Belaunde | Víctor Andrés Belaunde | Planta baja cerrada | 03/12/2025 | Donación | 03/12/2025 | 03/12/2025 | Libro | Bueno | Dewey Decimal Classification | Withdrawn |




